000 01161cad a22001935a 4500
001 L158011
008 131106s2013 xxk f 000 0 eng d
035 _a(Sirsi) u158011
041 0 _aeng
110 2 _aUnited Kingdom
_bDepartment for Environment, Food and Rural Affairs
245 0 0 _aStrategic Environmental Assessment of the Rural Development Programme Scoping Report
_bOctober 2013[electronic resource]
260 _aLondon
_bDEFRA
_c2013
520 _aSupporting information for consultation which seeks views on how Defra can measure the impact of the new Rural Development Programme (RDP) on the environment. The RDP in England provides money for projects to improve agriculture, the environment and rural life and there are separate rural development programmes for Scotland, Wales and Northern Ireland. The consultation closes on 5 December 2013.
590 _aKA
651 4 _aUnited Kingdom
690 _aRural
_96268
856 4 0 _uhttps://consult.defra.gov.uk/communications/strategic-environmental-assessment/supporting_documents/RDP%20SEA%20Scoping%20Report.pdf
_zView the scoping report free of charge at consult.defra.gov.uk
942 _n0
999 _c115076
_d115076